Every Skylander Trap Master - Statistics

General Stats
  • This quiz has been taken 27 times
  • The average score is 17 of 18
Answer Stats
Hint Answer % Correct
Life Bushwhack
100%
Air Gusto
100%
Tech Gear Shift
95%
Earth Head Rush
95%
Fire Ka-boom
95%
Water Lob-Star
95%
Water Snap Shot
95%
Magic Blastermind
91%
Magic Enigma
91%
Tech Jawbreaker
91%
Light Knight Light
91%
Dark Knight Mare
91%
Undead Krypt King
91%
Undead Shortcut
91%
Life Tuff Luck
91%
Earth Wallop
91%
Fire Wildfire
91%
Air Thunderbolt
86%
No matching quizzes found
Score Distribution
Percent of People with Each Score
Percentile by Number Answered
Your Score History
You have not taken this quiz